000 01773cam a22004574i 4500
003 PE-LiUPU
005 20250731173407.0
008 150706s r 000 0 d
020 _a9788482673769
035 _a(Sirsi) i9788482673769
040 _aPE-LiUPU
_bspa
_cPE-LiUPU
_erda
049 _aPRUA
082 0 4 _a248.4
_bR21
_221
100 1 _aRamsay, Richard B.,
_eautor.
245 1 0 _aIntegridad intelectual /
_cRichard B. Ramsay.
264 1 _aBarcelona :
_bCLIE,
_c2010.
300 _a166 p ;
_c21 cm.
336 _atext
_2rdacontent
337 _aunmediated
_2rdamedia
338 _avolume
_2rdacarrier
505 0 _aLa esquizofrenia intelectual -- La guerra por la verdad -- ¿Atacar o retroceder?; el cristiano y su relación con la sociedad -- Cosmovisiones no cristianas -- Hacia un enfoque cristiano de la política -- Hacia un enfoque cristiano de la economía -- Hacia un enfoque cristiano de las ciencias naturales y de la matemática -- Hacia un enfoque cristiano del arte.
526 _aSEG42
526 _aSEG41
526 _aSEG40
526 _aSEG39
526 _aP94
526 _aP87
526 _aP86
526 _aP85
526 _aP77
526 _aP76
526 _aP35
541 _g001-001102;
650 0 4 _aVida cristiana.
910 _agl20110818
942 _2ddc
_cBOOK
949 _a248.4 R21
_wDEWEY
_c1
_i63380
_lCCODEBUL1
_mBUL
_p15.00
_r0
_sY
_tBOOK
_u2015-7-6
_xTEOLOGIA
_PP35
_o.STAFF. Colección General
994 _aC0
_bPEPRU
596 _a1
999 _a248.4 R21
_wDEWEY
_c52343
_i63380
_f2021-11-10
_g5
_lCCODEBUL1
_mBUL
_p15.00
_r0
_sY
_tBOOK
_u2015-7-6
_xTEOLOGIA
_PP35
_0COMPRA
_o.STAFF. Colección General
_d52343
980 _81
_gALBERTO SANCHEZ Responsable de Automatización